Statistics for 13 Largest Cities in Europe by Nearest City

Click here to take the quiz!

General Stats

  • This quiz has been taken 184 times
  • The average score is 12 of 13

Answers on the Map

Answers color-coded by a green-red scale on the quiz's map according to % correct below.
 

Answer Stats

PopulationCity% Correct
14.8 milLondon
98%
6.55 milMadrid
97%
3.58 milRome
96%
4.78 milBarcelona
95%
11.4 milParis
95%
17.3 milMoscow
94%
4.73 milBerlin
90%
3.35 milAthens
85%
16.0 milIstanbul
85%
6.20 milMilan
85%
3.48 milKiev
80%
5.65 milSaint Petersburg
79%
4.23 milNaples
77%

Score Distribution

Percentile by Number Answered

Percent of People with Each Score

Your Score History

You have not taken this quiz